Google-Jahresrückblick 2023 (Filme) - Statistiken

Allgemein
  • Dieses Quiz wurde 62 mal gespielt
  • Das Durchschnittsergebnis liegt bei 5 aus 10
Antwortstatistiken
Bildquiz Antwort % Korrekt
Avatar 2
100%
Barbie
100%
Oppenheimer
94%
John Wick: Kapitel 4
80%
Im Westen nichts Neues
56%
Creed 3
41%
Sonne und Beton
22%
Everything Everywhere All at Once
15%
Fast & Furious 10
7%
Luise
2%
Keine übereinstimmenden Quizze gefunden
Verteilung der Resultate
Anzahl Personen mit jedem Resultat
Perzentil nach korrekt beantworteten Fragen
Ihre Resultats-Entwicklung
Sie haben dieses Quiz noch nicht gespielt